000 00299nam a2200121Ia 4500
008 220216s9999 xx 000 0 und d
100 _aSundar P S
245 0 _aSustain rubber prices by activating demand
260 _bRubber Asia
_c2000
300 _a23-24
650 _aRubber prices
942 _cJS
999 _c70061
_d70061